000 nam a22 a 4500
999 _c747
_d747
003 AKMAL
005 20170505091804.0
008 170505s2003 my g| 000 0 may d
020 _a9678914344 (kkt.) :
_cRM17.50
082 0 4 _a343.595056 AKT
_222
090 0 0 _a343.595056
_bAKT
110 1 0 _aMalaysia
_9400
245 1 0 _aAkta Kastam 1967 (Akta 235) & peraturan-peraturan :
_b(hingga 20hb Disember 2003) /
_cdisusun oleh : Lembaga Penyelidikan Undang-undang
260 _aPetaling Jaya :
_bInternational Law Book Services,
_c2003
300 _a197ms. ;
_c24cm.
650 1 0 _aCustoms administration
_xLaw and legislation
_zMalaysia
_91612
650 2 0 _aTariff
_xLaw and legislation
_zMalaysia
_920
710 2 _aLembaga Penyelidikan Undang-Undang
_91613
942 _2ddc
_cBOOK